000 nam a22 7a 4500
999 _c7628
_d7628
008 170923b xxu||||| |||| 00| 0 eng d
100 _94130
_aMittal.V.etal.
245 _aLab Physics-XII
260 _aNew Delhi
_bAP
_c2009